|
|
|
|
| LEADER |
00000nam0a2200000 4500 |
| 001 |
282815 |
| 005 |
20231101235532.0 |
| 035 |
|
|
|a (RuTPU)RU\TPU\book\306792
|
| 090 |
|
|
|a 282815
|
| 100 |
|
|
|a 20150203d1984 km y0rusy50 ca
|
| 101 |
1 |
|
|a rus
|c eng
|
| 102 |
|
|
|a RU
|
| 105 |
|
|
|a a z 000zy
|
| 200 |
1 |
|
|a Вода и город
|e пер. с англ.
|f Г. Линд
|
| 210 |
|
|
|a Ленинград
|c Гидрометеоиздат
|d 1984
|
| 215 |
|
|
|a 68 с.
|c ил.
|
| 606 |
1 |
|
|a Водоснабжение городское
|2 stltpush
|3 (RuTPU)RU\TPU\subj\3032
|9 31496
|
| 610 |
1 |
|
|a вода
|
| 610 |
1 |
|
|a общество
|
| 610 |
1 |
|
|a использование
|
| 610 |
1 |
|
|a крупные города
|
| 610 |
1 |
|
|a поселения
|
| 610 |
1 |
|
|a окружающая природная среда
|
| 610 |
1 |
|
|a влияние
|
| 610 |
1 |
|
|a наводнения
|
| 610 |
1 |
|
|a водные ресурсы
|
| 675 |
|
|
|a 628.1
|v 3
|
| 700 |
|
1 |
|a Линд
|b Г.
|g Гуннар
|
| 801 |
|
1 |
|a RU
|b 63413507
|c 20150203
|
| 801 |
|
2 |
|a RU
|b 63413507
|c 20170728
|g RCR
|
| 942 |
|
|
|c BK
|